000
00277nam a2200121Ia 4500
008
240624s9999 xx 000 0 und d
041
_a
eng
082
_a
823 MUR
100
_a
MURAKAMI HARUKI
245
_a
WIND PINBALL
260
_c
2015
_a
London
_b
Harvill Secker
365
_c
RS
999
_c
25850
_d
25850